Wildtree Hotels Ltd and others v Harrow LBC (Record no. 64366)

MARC details
000 -LEADER
fixed length control field 01310cam a2200193 4500
008 - FIXED-LENGTH DATA ELEMENTS--GENERAL INFORMATION
fixed length control field 000000n2000 000 0 eng u
035 ## - SYSTEM CONTROL NUMBER
System control number (Sirsi) u107758
245 ## - TITLE STATEMENT
Title Wildtree Hotels Ltd and others v Harrow LBC
260 ## - PUBLICATION, DISTRIBUTION, ETC.
Date of publication, distribution, etc. 2000
490 ## - SERIES STATEMENT
Series statement Weekly Law Reports
Volume/sequential designation [2000] 3 WLR 165-180(16)
520 ## - SUMMARY, ETC.
Summary, etc. HL 22 June 2000. Owner of a hotel adjacent to compulsorily purchased land for a road improvement scheme claimed that the obstruction and closure of roads and pavements to the hotel had 'injuriously affected' their land by causing a diminution in the rental value of the hotel during the work and entitled them to compensation under the Compulsory Purchase Act 1965 s10. LT held that no compensation was payable where there was no direct interference to the land such as dust, noise etc and that compensation payable would be limited to diminution in value. W appealed and H cross-appealed. CA dismissed W's appeal but allowed H's cross-appeal. Appeal to HL, allowed in part.
650 ## - SUBJECT ADDED ENTRY--TOPICAL TERM
Topical term or geographic name entry element COMPENSATION
650 ## - SUBJECT ADDED ENTRY--TOPICAL TERM
Topical term or geographic name entry element INJURIOUS AFFECTION
650 ## - SUBJECT ADDED ENTRY--TOPICAL TERM
Topical term or geographic name entry element COMPULSORY PURCHASE ACT 1965
650 ## - SUBJECT ADDED ENTRY--TOPICAL TERM
Topical term or geographic name entry element DIMINUTION IN VALUE
650 ## - SUBJECT ADDED ENTRY--TOPICAL TERM
Topical term or geographic name entry element WILDTREE HOTELS LTD AND OTHERS V HARROW LBC
690 ## - LOCAL SUBJECT ADDED ENTRY--TOPICAL TERM (OCLC, RLIN)
Topical term or geographic name as entry element ENVIRONMENTAL AND LAND CONSULTANCY-PLANNING AND DEVELOPMENT-COMPULSORY PURCHASE AND COMPENSATION
942 ## - ADDED ENTRY ELEMENTS (KOHA)
Suppress in OPAC 0
Holdings
Withdrawn status Lost status Source of classification or shelving scheme Damaged status Not for loan Home library Current library Shelving location Date acquired Total Checkouts Barcode Date last seen Copy number Price effective from Koha item type
    Dewey Decimal Classification     London London Journal article 14/08/2000   107758-1001 06/08/2019 1 06/08/2019 Law report